| 000 | 00811nam a22001697a 4500 | ||
|---|---|---|---|
| 003 | NUST | ||
| 005 | 20220720124158.0 | ||
| 020 | _a978-1-62705-708-2 | ||
| 082 | _a005.1, BRA | ||
| 100 |
_dManuel Wimmer _eJordi Cabot _qMarco Brambilla _994040 |
||
| 245 | _aModel driven software engineering in practice | ||
| 250 | _a2nd Edition | ||
| 260 |
_bMorgan & Claypool _c2017 |
||
| 300 | _axv, 191.p | ||
| 505 | _aIntroduction (Page-1), MDSE Principles (Page-7), MDSE Use Cases (Page-25), Model-driven Architecture (MDA) (Page-43), Integration of MDSE in your Development Process (Page-53), Modeling Languages at a Glance (Page-63), Developing your Own Modeling Language (Page-85), Model-to-Model Transformations (Page-123), Model-to-Text Transformations (Page-141), Managing Models (Page-157). | ||
| 942 |
_2ddc _cBK |
||
| 999 |
_c590391 _d590391 |
||